Seguridad y salud para el trabajador informal : ruta de innovación social para el trabajo digno /

Detalles Bibliográficos
Autores principales: Puello Socarrás, Gregorio Enrique (Autor), Ballén Buitrago, Diana Marcela (Autor)
Formato: Electrónico eBook
Lenguaje:español
Publicado: Bogotá D.C., Colombia : Corporación Universitaria Minuto de Dios - UNIMINUTO, 2022.
Edición:Primera edición.
Colección:Colección Cuadernillos de investigación ; Cuadernillo 2.
Colección Cuadernillos de investigación. Serie Innovación social ; 6.
Materias:
Acceso en línea:Digitalia Hispánica

MARC

LEADER 00000nam a2200000 i 4500
001 DIGCUMD0275
003 NyNyDIG
006 m o d
007 cr |||||||||||
008 240401s2022 ck a ob 000 0 spa d
035 |a (OCoLC)1430189125 
040 |a DGITA  |b eng  |e rda  |e pn  |c DGITA 
020 |a 9789587635553  |q digital 
020 |z 9789587635546  |q impreso 
041 0 |a spa  |b spa  |b eng 
043 |a s-ck---  
050 1 4 |a HD2340.8 ebook 
100 1 |a Puello Socarrás, Gregorio Enrique,  |e author. 
245 1 0 |a Seguridad y salud para el trabajador informal :  |b ruta de innovación social para el trabajo digno /  |c Gregorio Enrique Puello-Socarrás, Diana Marcela Ballén Buitrago. 
250 |a Primera edición. 
264 1 |a Bogotá D.C., Colombia :  |b Corporación Universitaria Minuto de Dios - UNIMINUTO,  |c 2022. 
300 |a 1 online resource :  |b illustrations. 
336 |a text  |b txt  |2 rdacontent 
337 |a computer  |b c  |2 rdamedia 
338 |a online resource  |b cr  |2 rdacarrier 
347 |a text file  |2 rdaft 
347 |b PDF 
490 1 |a Colección Cuadernillos de investigación ;  |v Cuadernillo 2.  |a Serie Innovación social ;  |v 6 
504 |a Includes bibliographical references. 
546 |a Text in Spanish with abstract in Spanish and English.  
588 0 |a Online resource; title from PDF title page (Digitalia, viewed April 1, 2024) 
650 0 |a Informal sector (Economics)  |z Colombia. 
650 0 |a Industrial hygiene  |z Colombia. 
700 1 |a Ballén Buitrago, Diana Marcela,  |e author. 
776 0 8 |i Print version:  |a Puello Socarrás, Gregorio Enrique.  |t Seguridad y salud para el trabajador informal.  |b Primera edición.  |d Bogotá D.C., Colombia : Corporación Universitaria Minuto de Dios - UNIMINUTO, 2022  |z 9789587635546 
791 2 |a Digitalia (Firm),  |e distributor. 
793 0 |g Digitalia eBook Collection:  |a Corporación Universitaria Minuto de Dios 
830 0 |a Colección Cuadernillos de investigación ;  |v Cuadernillo 2. 
830 0 |a Colección Cuadernillos de investigación.  |p Serie Innovación social ;  |v 6. 
856 4 0 |3 Digitalia Hispánica  |u https://www.digitaliapublishing.com/a/131819/ 
910 |a Premium collection: 2024